Science Quiz

Random Science or Biology Quiz

'B' in Science Quiz Stats

 Plays Quiz Updated Nov 7, 2018

Challenge
Share
Tweet
Embed
Score 0/20 Timer 05:00
14 Plays Today
Question Answer % Correct
What theory of the creation of the universe claims that the universe rapidly expanded?Big Bang
93.4%
From what celestial entity can not even light escape?Black Hole
92.9%
What is affected by the disease osteoporosis?Bone
92.2%
What instrument is used to measure atmospheric pressure?Barometer
90.1%
What branch of science deals with plant life?Botany
76.9%
What microorganisms were first observed by Antonie van Leeuwenhoek?Bacteria
76%
What disease is colloquially referred to as the 'Black Death'?Bubonic Plague
65.4%
What is the eighty-third element on the Periodic Table, abbreviated 'Bi'?Bismuth
57.4%
At what location on a phase diagram does a liquid become a gas?Boiling Point
44.4%
What is the surname of the Danish physicist who won the Nobel Prize in Physics in 1922?Bohr
40.5%
Question Answer % Correct
Taiga, Tundra, Temperate Rainforest, and Savannah are types of what?Biome
38.6%
What force is exerted by a fluid to displace a submerged object's weight?Buoyancy
37.1%
What volcanic rock is formed by the rapid cooling of lava at a planet's surface?Basalt
34.3%
In computer science, what is the term for the capacity for data transfer?Bandwidth
30.9%
What type of substance is capable of donating electron pairs in chemical reactions?Base
30.7%
What is the term for electrochemical cells that convert chemical energy into electric energy?Batteries
28.9%
Whose principle states that as a fluid's speed increases, its pressure decreases?Bernoulli
20%
What is the term for the presumably random drifting of particles suspended in a fluid?Brownian Motion
18.9%
Which composite particle is comprised of three quarks?Baryon
11.3%
What 'fifth state of matter' is formed when a dilute gas weakly interacts with bosons?Bose-Einstein Condensate
11.1%

You're not logged in!

Compare scores with friends on all Sporcle quizzes.
OR
Log In

You Might Also Like...

Show Comments

Extras

Top Quizzes Today


Score Distribution

Your Account Isn't Verified!

In order to create a playlist on Sporcle, you need to verify the email address you used during registration. Go to your Sporcle Settings to finish the process.

Report this User

Report this user for behavior that violates our Community Guidelines.

Details: